Managing Software Engineering : CASE studies and solutions /

Na minha lista:
Detalhes bibliográficos
Autor principal: Gillies, Alan C (Author)
Formato: Livro
Idioma:inglês
Publicado em: London : Chapman and Hall, 1994
Assuntos:
Tags: Adicionar Tag
Sem tags, seja o primeiro a adicionar uma tag!

MARC

LEADER 00000nam a22000003a 4500
001 stu46003
005 20150617225715.5
008 971119s1994----uk------------------eng-d
020 |a 0-412-56550-1 
040 |a STU  |b slo 
041 0 |a eng 
044 |a uk 
080 |a 681.3.06 
100 1 |a Gillies, Alan C  |4 aut 
245 1 |a Managing Software Engineering :  |b CASE studies and solutions /  |c [aut.]Alan C. Gillies 
260 |a London :  |b Chapman and Hall,  |c 1994 
300 |a 240 s 
650 7 |a Inžinierstvo softwarové  |2 stusub 
996 |b 284M054119  |c M*9615-1  |l MMKN  |s A  |a 24  |w stu46003_0001